Relations économiques internationales

Uloženo v:
Podrobná bibliografie
Hlavní autor: Bienaymé, A
Médium: Kniha
Jazyk:francouzština
Vydáno: París Sirey 1961
Edice:Tracaux Pratiques
Témata:
Tagy: Přidat tag
Žádné tagy, Buďte první, kdo vytvoří štítek k tomuto záznamu!

MARC

LEADER 00000nam a2200000 a 4500
001 UCS2857
003 CL-VaPUC
005 20210805001730.0
008 970606e19610000FR |||||||||||||||||fre|d
999 |c 260786  |d 260784 
040 |c Pontificia Universidad Católica de Valparaíso 
082 0 4 |a 330.9 BIE 1961  |2 21 
100 0 |a Bienaymé, A  |9 388739 
245 1 0 |a Relations économiques internationales 
260 |a París  |b Sirey  |c 1961 
300 |a 174 páginas 
490 0 |a Tracaux Pratiques 
583 |a last modification  |c 19970606 00:00:00  |k Rodrigo Vera 
650 7 |a RELACIONES ECONOMICAS EXTERIORES  |2 CL-VaPUC  |9 259071 
650 0 |a Balanza de pagos  |9 316476 
650 0 |a Desarrollo económico y social   |9 256320 
650 0 |a Comercio exterior  |9 257617 
650 0 |a Política monetaria  |9 258279 
650 7 |a TRANSACCIONES  |2 CL-VaPUC  |9 375998 
650 0 |a Política comercial  |9 259070 
942 |c BK  |2 ddc 
945 |d 19970606 00:00:00  |a lriquelm 
952 |0 0  |1 0  |2 ddc  |4 0  |6 330_900000000000000_BIE_1961  |7 0  |8 A  |9 287127  |a BIBDER  |b BIBDER  |d 2019-11-19  |i 1865242  |o 330.9 BIE 1961  |p 1865242  |r 2023-01-25  |t 1  |w 2019-11-19  |y BK  |k DER